| 000 | 00461nam a2200145Ia 4500 | ||
|---|---|---|---|
| 008 | 220216s9999 xx 000 0 und d | ||
| 100 | _aHadzismajlovic D E | ||
| 245 | 0 | _aCollapsible-tube pulsation generator for crossflow microfiltration : Fatigue testing of silicone-rubber tubes | |
| 260 |
_bJournal of Applied Polymer Science _c1996 |
||
| 300 | _a703-713 | ||
| 650 | _aFatigue testing | ||
| 650 | _aSilicone rubber | ||
| 700 | _aBertram C D | ||
| 942 | _cJS | ||
| 999 |
_c55836 _d55836 |
||